Sports Quiz

Random Sports Quiz

Juventus Serie A Players since 98/99 Quiz Stats

 Plays Quiz not verified by Sporcle

Challenge
Share
Tweet
Embed
Score 0/184 Timer 20:00
0 Plays Today
Player % Correct
Gianluigi Buffon
94.9%
Leonardo Bonucci
92.8%
Giorgio Chiellini
92%
Alessandro Del Piero
91.1%
Andrea Barzagli
89.9%
Gonzalo Higuaí­n
86.5%
Claudio Marchisio
86.3%
Paul Pogba
86%
Paulo Dybala
85.5%
Andrea Pirlo
85.3%
Alex Sandro
83.9%
Zlatan Ibrahimović
83.6%
Pavel Nedvěd
83.6%
Fabio Cannavaro
83.4%
Stephan Lichtsteiner
83.1%
Carlos Tévez
83.1%
Kwadwo Asamoah
82.9%
David Trezeguet
82.9%
Arturo Vidal
82.9%
Antonio Conte
82.7%
Gianluca Zambrotta
82.7%
Zinédine Zidane
82.7%
Edgar Davids
82.2%
Douglas Costa
82%
Dani Alves
81.9%
Filippo Inzaghi
81.9%
Mauro Camoranesi
81.4%
Medhi Benatia
80.5%
Ciro Ferrara
80%
Mario Mandžukić
79.5%
Lilian Thuram
79%
Amauri
78.3%
Miralem Pjanić
78.1%
Vincenzo Iaquinta
77.6%
Neto
77.6%
Alvaro Morata
77.1%
Patrick Vieira
77.1%
Sami Khedira
76.9%
Alessio Tacchinardi
76.6%
Didier Deschamps
76.1%
Patrice Evra
75.9%
Alessandro Matri
75.9%
Sebastian Giovinco
75.7%
Gianluca Pessotto
75.7%
Paolo Montero
75.4%
Daniele Rugani
75.2%
Jonathan Zebina
75.2%
Mirko Vučinić
74.9%
Stefano Sturaro
73.5%
Diego
73.3%
Fabio Quagliarella
73%
Alex Manninger
72.8%
Angelo Peruzzi
72.8%
Christian Abbiati
72.5%
Fernando Llorente
72.5%
Edwin van der Sar
72.5%
Nicolas Anelka
72.3%
Wojciech Szczęsny
72.1%
Juan Cuadrado
72%
Igor Tudor
72%
Robert Kovač
71.3%
Emerson
71.1%
Player % Correct
Angelo Di Livio
70.8%
Marcelo Zalayeta
70.8%
Cristiano Zanetti
70.8%
Simone Pepe
70.6%
Federico Bernardeschi
70.5%
Alessandro Birindelli
69.9%
Olof Mellberg
69.6%
Fabio Grosso
69.4%
Mohamed Sissoko
68.9%
Felipe Melo
68.7%
Marco Storari
68.4%
Marco Di Vaio
67.7%
Luca Toni
67.7%
Mark Iuliano
67.5%
Hasan Salihamidžić
67.2%
Benedikt Höwedes
67.2%
Nicola Amoruso
66.5%
Nicklas Bendtner
66.5%
Thierry Henry
66.3%
Eljero Elia
65.8%
Mattia De Sciglio
65.6%
Paolo De Ceglie
65.5%
Martín Cáceres
65.3%
Stephen Appiah
64.8%
Zdeněk Grygera
64.1%
Mauricio Isla
64.1%
Marco Marchionni
63.6%
Miloš Krasić
63.4%
Angelo Ogbonna
63.4%
Darko Kovačević
62.9%
Simone Padoin
62.9%
Christian Poulsen
62.7%
Nicola Legrottaglie
62.4%
Simone Zaza
61.9%
Marco Borriello
61.2%
Marco Motta
61.2%
Antonio Chimenti
60.5%
Hernanes
60.5%
Adrian Mutu
60.2%
Manuele Blasi
59.8%
Fabrizio Miccoli
59.8%
Roberto Pereyra
59.3%
Marcelo Salas
59.3%
Kingsley Coman
59%
Emanuele Giaccherini
59%
Alberto Aquilani
58.6%
Michelangelo Rampulla
58.6%
Ciro Immobile
58.1%
Tiago
57.8%
Jorge Andrade
57.6%
Mario Lemina
56.6%
Daniel Fonseca
56.4%
Giuliano Giannichedda
56.4%
Lúcio
56.4%
Antonio Nocerino
55.4%
Cristian Molinaro
54.9%
Enzo Maresca
54.7%
Cristian Zenoni
54.5%
Rodrigo Bentancur
54.1%
Marko Pjaca
51.3%
Matteo Brighi
50.8%
Pablo Osvaldo
50.8%
Player % Correct
Blaise Matuidi
50.8%
Moise Kean
50.4%
Morgan De Sanctis
49.9%
Michele Paramatti
49.9%
Federico Balzaretti
49.2%
Dimas Teixeira
48.9%
Athirson
48.4%
Juan Esnáider
48.4%
Rubinho
48.4%
Antonio Candreva
48.2%
Emil Audero
47.7%
Marco Zanchi
47.7%
Rubén Olivera
47.5%
Simone Perrotta
47.5%
Jonathan Bachini
46.7%
Tomás Rincón
46.7%
Raffaele Palladino
45.8%
Marcelo Estigarribia
45.5%
Matteo Paro
45.5%
Domenico Criscito
44.8%
Luca Marrone
44.8%
Zoran Mirković
44.6%
Frederik Sørensen
44.3%
Sergio Almirón
44.1%
Salvatore Fresi
44.1%
Sunday Oliseh
44.1%
Jocelyn Blanchard
43.4%
Jorge Martínez
43.4%
Emanuele Belardi
42.9%
Fabian O'Neill
42.9%
Davide Baiocco
40.5%
Olivier Kapo
39%
Lorenzo Ariaudo
38.8%
Federico Peluso
38.1%
Emiliano Moretti
37.6%
Stefano Beltrame
37.3%
Rômulo
36.9%
Armand Traoré
36.9%
Davide Chiumiento
35.9%
Manuel Giandonato
35.9%
Federico Mattiello
35.9%
Niccoló Giannetti
35.2%
Ayub Daud
34.5%
Dario Knežević
34.5%
Leandro Rinaudo
34.2%
Rolando Mandragora
34%
Guglielmo Stendardo
33.7%
Davide Lanzafame
33%
Mattia Vitale
32.3%
Albin Ekdal
31.8%
Filippo Boniperti
31.1%
Luca Castiglia
29.9%
Christian Pasquato
29.9%
Marco Rigoni
29.9%
Andrea Favilli
29.6%
Michele Pazienza
29.4%
Andrea Masiello
29.2%
Michele Paolucci
27.2%
Viktor Budyanskiy
27%
Alberto Libertazzi
24.3%

You're not logged in!

Compare scores with friends on all Sporcle quizzes.
Join for Free
OR
Log In

You Might Also Like...

Show Comments

Extras

Created Jul 1, 2017ReportFavoriteNominate
Tags:jument, player, serie

Top Quizzes Today


Score Distribution

Your Account Isn't Verified!

In order to create a playlist on Sporcle, you need to verify the email address you used during registration. Go to your Sporcle Settings to finish the process.

Report this User

Report this user for behavior that violates our Community Guidelines.

Details: